00301nam a2200133Ia 45000030006000000080041000060400015000471000027000622450012000892600033001013000006001345460010001400050017001500STCL150530s9999 xx 000 0 und d aSTCLcSTCL aSaraswathi Thankachi B aDwadasi bBharathi; Pappanamcodec1969 a0 aHindi20220125171235.0